Estàtica gràfica
Descripción Física:
48 p. ; 23 cm
Otros Autores:
Catalunya. Extensió d'Ensenyament Tècnic
Materias:
Estàtica gràfica
MARC
| LEADER | 00000nam a2200000Ia 4500 | ||
|---|---|---|---|
| 001 | 7696 | ||
| 008 | 160829s9999 xx 000 0 cat d | ||
| 080 | |a RF-5-21 | ||
| 245 | |a Estàtica gràfica | ||
| 260 | |a Barcelona : |b Generalitat de Catalunya, Extensió d'Ensenyament Tècnic, [s.a.] | ||
| 300 | |a 48 p. ; |c 23 cm | ||
| 650 | |a Estàtica gràfica |9 27636 | ||
| 700 | |a Catalunya. Extensió d'Ensenyament Tècnic |9 20004 | ||
| 710 | 1 | |a Catalunya. |b Generalitat |9 12125 | |
| 856 | 4 | |u https://media.diba.cat/diba/fitxers/arxiu/fulletons/bib_7696_baixa.pdf |y Accés lliure | |
| 856 | 4 | |u https://media.diba.cat/diba/fitxers/arxiu/fulletons/bib_7696_baixa.pdf |y Accés lliure | |
| 901 | |a Arxiu | ||
| 942 | |n 1 |2 udc | ||
| 952 | |0 0 |1 0 |4 0 |6 RF521 |7 1 |9 44486 |a Arxiu |b Arxiu |d 2016-12-01 |l 0 |o RF-5-21 |p 7696 |r 2016-12-01 00:00:00 |w 2016-12-01 |y ARXIU | ||
| 999 | |c 47067 |d 47067 | ||
| 900 | |a bib_7696_baixa.pdf | ||